000
00242nam a22001097a 4500
082
_a
001
100
_a
Maheshwari, Jagatsingh
_9
80113
245
_a
Madhya Pradesh
260
_a
Meerut
_b
Arihant Pra
_c
2019
650
_a
G K
_9
17291
942
_c
BK
999
_c
63585
_d
63585